| 000 | 02326nam0a2200373 4500 | ||
|---|---|---|---|
| 001 | RU\NLR\BIBL_A\022344594 | ||
| 005 | 20251201164213.0 | ||
| 010 | _a978-5-9710-6339-1 | ||
| 010 | _a978-5-9519-3827-5 | ||
| 035 | _a(NLR Aleph) 022344594 | ||
| 090 |
_a13471465 _c13471465 |
||
| 100 | _a20241007d2023 u y0rusy50 ca | ||
| 101 | 0 | _arus | |
| 102 | _aRU | ||
| 105 | _aa j 000yy | ||
| 181 | 0 |
_ai _baxxe |
|
| 182 | 0 | _an | |
| 200 | 1 |
_aОбщая теория относительности _eвведение, современное развитие и приложения _eпо укрупненной группе специальностей и направлений подготовки 03.00.00 "Физика и астрономия" в качестве учебного пособия для обучающихся по основным образовательным программам высшего образования уровня магистратуры по направлению подготовки 03.04.02 "Физика" _fС. О. Алексеев, Е. А. Памятных, А. В. Урсулов [и др.] |
|
| 203 |
_aТекст _bвизуальный _cнепосредственный |
||
| 205 | _aИзд. стер. | ||
| 210 |
_aМосква _cURSS, ЛЕНАНД _d2025 |
||
| 215 |
_a397 с. _cил., табл. _d22 |
||
| 300 | _aНа задней сторонке пер. авт.: С. О. Алексеев, Е. А. Памятных, д-ра физ.-мат. наук, профессора, А. В. Урсулов, канд. физ.-мат. наук, доц. [и др.] | ||
| 320 | _aБиблиогр.: с. 384–397 (157 назв.) | ||
| 320 | _aДругие тр. 2-го авт. на задней сторонке пер. | ||
| 606 | 1 |
_aОбщая теория относительности _92079819 _3RU\NLR\AUTH\661255717 |
|
| 686 | 1 | _aВ313.3 | |
| 701 | 1 |
_7ca _8rus _aАлексеев _bС. О. _cд-р физ.-мат. наук _f1969- _gСтанислав Олегович _9155665 _3RU\NLR\AUTH\770155704 |
|
| 701 | 1 |
_aПамятных _bЕ. А. _gЕвгений Алексеевич |
|
| 701 | 1 |
_aУрсулов _bА. В. _gАндрей Владимирович |
|
| 942 | _cBOOK | ||
| 980 | _aNB | ||